01922nam a22001697a 4500008004100000020001500041050001600056100002000072245009600092250001200188260004100200300003400241500002000275505141900295650001601714700002201730121115t xxu||||| |||| 00| 0 eng d a0324185685 aHF5635.P834 aPorter, Gary A. aFinancial accounting: the impact on decision makers. /cGary A. Porter and Curtis L. Norton a4th ed. aU.K:bThomson South-Western,cc2004. axxxiii, 743 p.:bill.;c28cm. aIncludes index. aContents: The Accounting model: Getting started in business -- Accounting as a form of communication -- Financial statements and the annual report -- Processing accounting information information -- Income measurement and accrual accounting -- Appendix: Accounting tools: work sheets -- Accounting for assets: Merchandise accounting and internal control -- Appendix: Accounting tools: internal control for merchandising company -- Inventories and cost of goods sold -- Appendix: Accounting tools: inventory costing methods using a perpetual inventory system -- Cash, investments, and receivables -- Operating assets: property, plant, and equipment, natural resources, and intangibles -- Accounting for liabilities and owners equity: Current liabilities, contingencies, and the time value of money -- Appendix A: Accounting tools: payroll accounting -- Appendix B: Accounting tools: using excel for problems involving interest calculations -- Long-term liabilities -- Appendix: Accounting tools: other liabilities -- Stockholders' equity -- Additional topics in financial reporting: The Statement of cash flows -- Appendix: Accounting tools: a work-sheet approach to the statement of cash flows -- Financial statement analysis -- Appendix: Accounting tools: reporting and analyzing other income statement items -- Appendix A: Winnebago industries annual report -- Appendix B: Monaco coach corporation annual report. bAccounting. aNorton, Curtis L.